Estatísticas para Países com Mais Rápidos Maratonistas

Clique aqui para jogar o quiz

Estatísticas Gerais

  • Esse quiz foi jogado 1 507 vezes
    (1 031 desde o último reset)
  • A pontuação média é 10 de 16

Estatísticas das Respostas

#Melhor TempoPaís% Correto
312:04:58Estados Unidos
94%
102:06:05Brasil
90%
5562:01:39 Quênia
80%
162:06:36França
79%
2442:01:41Etiópia
69%
192:05:11Reino Unido
69%
232:06:35Espanha
67%
1422:05:29Japão
66%
202:06:33África do Sul
64%
182:07:19Itália
64%
122:07:19México
62%
102:07:51Austrália
56%
202:07:46Tanzânia
43%
102:07:20Coreia do Sul
38%
302:05:26Marrocos
36%
252:05:53Eritreia
28%

Distribuição das Pontuações

Percentil de Números Respondidos

Porcentagem de Pessoas com Cada Pontuação

Sua Pontuação Histórica

Você não jogou esse quiz desde o último reset